|
|
|
|
| LEADER |
00000nam0a2200000 4500 |
| 001 |
307066 |
| 005 |
20231102001945.0 |
| 035 |
|
|
|a (RuTPU)RU\TPU\book\332359
|
| 090 |
|
|
|a 307066
|
| 100 |
|
|
|a 20151015d1871 k y0rusy50 ca
|
| 101 |
0 |
|
|a rus
|
| 102 |
|
|
|a RU
|
| 105 |
|
|
|a y z 000zd
|
| 200 |
1 |
|
|a История политической литературы XIX-го столетия
|h Том 1
|f Ю. Г. Жуковский
|
| 210 |
|
|
|a Санкт-Петербург
|c Издание Н. П. Полякова
|c Печатано в типографии Н. Неклюдова
|d 1871
|
| 215 |
|
|
|a V, 439 с.
|
| 300 |
|
|
|a Труд не был закончен.
|
| 317 |
|
|
|5 63413507: 68//320
|a Поступила в НТБ в 1905 г. в составе книжного собрания Н. А. Сборовского.
|
| 600 |
|
1 |
|a Руссо
|g Жан Жак
|b Ж. Ж.
|c французский писатель
|c философ
|c сентименталист
|f 1712-1778
|2 stltpush
|3 (RuTPU)RU\TPU\pers\1230
|
| 600 |
|
1 |
|a Ло
|b Дж.
|c шотландский экономист
|f 1671-1729
|g Джон
|2 stltpush
|3 (RuTPU)RU\TPU\pers\13106
|9 3793
|
| 600 |
|
1 |
|a Смит
|g Адам
|b А.
|c шотландский экономист
|c философ
|f 1723-1790
|2 stltpush
|3 (RuTPU)RU\TPU\pers\647
|
| 600 |
|
1 |
|a Бэкон
|g Фрэнсис
|b Ф.
|c английский философ
|c родоначальник английского материализма
|f 1561-1626
|2 stltpush
|3 (RuTPU)RU\TPU\pers\61
|
| 600 |
|
1 |
|a Локк
|g Джон
|b Дж.
|c английский философ
|c основатель либерализма
|f 1632-1704
|2 stltpush
|3 (RuTPU)RU\TPU\pers\1272
|
| 600 |
|
1 |
|a Кант
|b И.
|c родоначальник немецкой классической философии
|f 1724-1804
|g Иммануил
|2 stltpush
|3 (RuTPU)RU\TPU\pers\208
|9 105
|
| 600 |
|
1 |
|a Бентам
|b И.
|c английский философ, экономист, юрист
|f 1748-1832
|g Иеремия
|2 stltpush
|3 (RuTPU)RU\TPU\pers\10168
|9 2204
|
| 600 |
|
1 |
|a Мальтус
|g Томас Роберт
|b Т. Р.
|c английский экономист
|f 1766-1834
|2 stltpush
|3 (RuTPU)RU\TPU\pers\449
|
| 600 |
|
1 |
|a Рикардо
|g Давид
|b Д.
|c английский экономист
|f 1772-1823
|2 stltpush
|3 (RuTPU)RU\TPU\pers\307
|
| 600 |
|
1 |
|a Сэй
|g Жан-Батист
|c французский экономист
|b Ж.-Б.
|f 1767-1832
|2 stltpush
|3 (RuTPU)RU\TPU\pers\948
|
| 610 |
1 |
|
|a политэкономия
|
| 610 |
1 |
|
|a классическая наука
|
| 610 |
1 |
|
|a классическая политическая экономия
|
| 610 |
1 |
|
|a классическая философия
|
| 610 |
1 |
|
|a история
|
| 610 |
1 |
|
|a 19 век
|
| 610 |
1 |
|
|a владельческие знаки
|
| 610 |
1 |
|
|a коллекция Н. А. Сборовского
|
| 686 |
|
|
|a У02(0)
|v LBC/SL-A
|2 rubbk
|
| 686 |
|
|
|a Ф01
|v LBC/SL-A
|2 rubbk
|
| 700 |
|
1 |
|a Жуковский
|b Ю. Г.
|c экономист
|c публицист
|f 1822-1907
|g Юлий Галактионович
|2 stltpush
|3 (RuTPU)RU\TPU\pers\35351
|
| 801 |
|
1 |
|a RU
|b 63413507
|c 20151015
|
| 801 |
|
2 |
|a RU
|b 63413507
|c 20170320
|g RCR
|
| 942 |
|
|
|c BK
|